04241nam a2200265 4500020003500000040002000035100003200055245006100087250001700148260005200165300003100217440004700248500005100295505240500346520081702751546001603568650003303584650003303617700003303650760001703683942002503700999001903725952012703744952010403871 a9780123751096qacid-free paper cPAK - NSHS NUST aBenjamin Caballero.9134403 aGuide to nutritional supplements /cCaballero, Benjamin  a1st Edition. aOxford, UK :b Elsevier/Academic Press, c2009. axii, 548 pages. : c29 cm. aGuide to nutritional supplements /9134404 aIncludes bibliographical references and index. aAmino Acids -Specific Functions Anemia-Iron-Deficiency Anemia Antioxidants Diet and Antioxidant Defense Antioxidants -Intervention Studies Antioxidants -Observational Studies Ascorbic Acid Physiology, Dietary Sources and Requirements Biotin Brain and Nervous System Caffeine Calcium Carbohydrates- Requirements and Dietary Importance Carbohydrates -Resistant Starch and Oligosaccharides Carotenoids -Chemistry, Sources and Physiology Carotenoids -Epidemiology of Health Effects Vitamin D- Physiology, Dietary Sources and Requirements Vitamin D- Rickets and Osteomalacia Copper Coronary Heart Disease -Lipid Theory Coronary Heart Disease -Prevention Dietary Fiber -Physiological Effects and Effects on Absorption Dietary Fiber -Potential Role in Etiology of Disease Dietary Fiber -Role in Nutritional Management of Disease Supplementation Dietary Supplements Fatty Acids -Monounsaturated Fatty Acids -Omega-3 Polyunsaturated Fatty Acids -Omega-6 Polyunsaturated Fatty Acids -Saturated Fatty Acids -Trans Fatty Acids Fatty Acids -Metabolism Fish Folic Acid Fructose Functional Foods Regulatory Aspects Glycemic Index Iodine Deficiency Disorders Iodine Physiology, Dietary Sources and Requirements Magnesium Manganese Supplementation Developing Countries Supplementation Developed Countries Niacin Nuts and Seeds Older People Nutritional Requirements Pantothenic Acid Phosphorus Phytochemicals Classification and Occurrence Phytochemicals Epidemiological Factors Potassium Pregnancy Nutrient Requirements Pregnancy Prevention of Neural Tube Defects Microbiota of the Intestine Probiotics Protein Requirements and Role in Diet Vitamin A Physiology Vitamin A Deficiency and Interventions Riboflavin Sodium Salt Intake and Health Selenium Sodium Physiology Sports Nutrition Sucrose Dietary Sucrose and Disease Supplementation Role of Micronutrient Supplementation Thiamin Beriberi Thiamin Physiology Vitamin E Physiology and Health Effects Ultratrace Elements Vegetarian Diets Vitamin A Biochemistry and Physiological Role Vitamin B6 Vitamin E Metabolism and Requirements Vitamin K Whole Grains Zinc Physiology Lycopenes and Related Compounds Tea Zinc Deficiency in Developing Countries, Intervention Studies Functional Foods Health Effects and Clinical ApplicationstGuide to nutritional supplements / a"Guide to Nutritional Supplements is a comprehensive reference book edited by Benjamin Caballero that explains the scientific, nutritional, and clinical aspects of dietary supplements. The book covers vitamins, minerals, amino acids, antioxidants, fatty acids, herbal products, and functional foods, with emphasis on their roles in human health, disease prevention, and nutrition therapy. It discusses the benefits, safety, recommended intake, metabolism, and possible interactions of supplements, while also addressing topics such as sports nutrition, vegetarian diets, cardiovascular health, and micronutrient deficiencies. The text is designed for students, nutritionists, healthcare professionals, and researchers seeking evidence-based information about nutritional supplementation.." Provided by Publisher. aIn English. aDietary supplements.9130317 aDietary Supplements.9130317 aCaballero, Benjamin.9134405 b1st Edition. 2ddccBKe1st Edition c617386d617386 00102ddc407-2aNSHSbNSHScGENd2026-05-11eAllied Book Company.o613.2 CABpNSHS-2167r2026-05-11tc.1w2026-05-11yBK 00102ddc4070aNSHSbNSHScGENd2026-05-11o613.2 CABpNSHS-2168r2026-05-11tc.2w2026-05-11yBK